Online
Catalog

¿Cómo nos comunicamos? : (Record no. 25456)

MARC details
000 -CABECERA
campo de control de longitud fija 00932nam a2200265 a 4500
001 - NÚMERO DE CONTROL
campo de control 000025964
005 - FECHA Y HORA DE LA ÚLTIMA TRANSACCIÓN
campo de control 20200930024204.0
008 - DATOS DE LONGITUD FIJA--INFORMACIÓN GENERAL
campo de control de longitud fija 110217s1998 mx ab r 000 | spa d
020 ## - NÚMERO INTERNACIONAL ESTÁNDAR DEL LIBRO
Número Internacional Estándar del Libro 8420518778
040 ## - FUENTE DE LA CATALOGACIÓN
Centro catalogador/agencia de origen DO-SdBNP
Lengua de catalogación spa
Centro/agencia transcriptor BNPHU
082 ## - NÚMERO DE LA CLASIFICACIÓN DECIMAL DEWEY
Número de clasificación 302.2
Número de documento/Ítem M764c, 1998
100 1# - ENTRADA PRINCIPAL--NOMBRE DE PERSONA
Nombre de persona Montaner, Pedro,
9 (RLIN) 52850
245 10 - MENCIÓN DE TÍTULO
Título ¿Cómo nos comunicamos? :
Resto del título del gesto a la telemática /
Mención de responsabilidad, etc. Pedro Montaner, Rafael Moyano.
250 ## - MENCIÓN DE EDICIÓN
Mención de edición 2a ed.
260 ## - PUBLICACIÓN, DISTRIBUCIÓN, ETC.
Lugar de publicación, distribución, etc. México :
Nombre del editor, distribuidor, etc. Addison Wesley,
Fecha de publicación, distribución, etc. 1998.
300 ## - DESCRIPCIÓN FÍSICA
Extensión 126 p. :
Otras características físicas il. ;
Dimensiones 23 cm.
490 0# - MENCIÓN DE SERIE
Mención de serie Biblioteca de Recursos Didácticos BREDA
500 ## - NOTA GENERAL
Nota general 2a. reimpr. noviembre 1996.
500 ## - NOTA GENERAL
Nota general La biblioteca posee la 2a. reimpresión del 1996.
650 #4 - PUNTO DE ACCESO ADICIONAL DE MATERIA--TÉRMINO DE MATERIA
Término de materia o nombre geográfico como elemento de entrada Comunicación
Subdivisión general Aspectos sociales
9 (RLIN) 1659
650 #4 - PUNTO DE ACCESO ADICIONAL DE MATERIA--TÉRMINO DE MATERIA
Término de materia o nombre geográfico como elemento de entrada Lenguaje y lenguas
9 (RLIN) 407
650 #4 - PUNTO DE ACCESO ADICIONAL DE MATERIA--TÉRMINO DE MATERIA
Término de materia o nombre geográfico como elemento de entrada Comunicación hombre
Subdivisión general Animal
9 (RLIN) 52851
700 1# - PUNTO DE ACCESO ADICIONAL--NOMBRE DE PERSONA
Nombre de persona Moyano, Rafael
9 (RLIN) 52852
830 #0 - PUNTO DE ACCESO ADICIONAL DE SERIE-TÍTULO UNIFORME
Título uniforme Biblioteca de Recursos Didácticos BREDA
9 (RLIN) 52853
Holdings
Estado de retiro Estado de pérdida Restricciones de uso No para préstamo Código de colección Localización permanente Ubicación/localización actual Ubicación en estantería Fecha de adquisición Número de inventario Total de préstamos Signatura topográfica completa Código de barras Fecha visto por última vez Precio válido a partir de Tipo de ítem Koha Número de copia
      Excluido de préstamo Monografías: Libros y Folletos General General Depósito 24.02.2011 LF1   302.2 M764c, 1998 25964-10 25.06.2020 25.06.2020 No se presta  
  Extraviado   Excluido de préstamo Monografías: Libros y Folletos General General Extraviado 06.06.2017 LF1   302.2 M764c, 1998 25964-20 25.06.2020 25.06.2020 No se presta e. 2

Powered by Koha